000 00626na a2200241 4500
001 14831
003 MIRAKIL
005 20181213154749.0
008 161101b tu 000 0
020 _a975510982X
035 _a14831
040 _aMilas
_btur
_cTR-AnCHP
041 _atur
082 _a813.42
_bG95ç 1999
090 _a813.42 G95ç 1999
100 _aGünel, Burhan
245 _aÇiçekler korunağı
_böyküler
_cBurhan Günel
260 _aİstanbul
_bCan yayınları
_c1999
300 _a159 s.
_c19 sm.
650 _aTürk edebiyatı
_xÖyküler
650 _aTürkçe öyküler
942 _2ddc
_cBKS
999 _c440
_d440